Islands by Satellite Image #26 - Statistics

General Stats
  • This quiz has been taken 31 times
  • The average score is 3 of 16
Answer Stats
Picture Answer % Correct
Ni'ihau
56%
Isle of Arran
44%
Belitung
33%
Sado
33%
Siple Island
33%
Bhola
22%
Trindade
22%
Aegina
11%
Brac
11%
Gorée
11%
Olkhon
11%
Yap
11%
Ameland
0%
Kingman Island
0%
Lido di Venezia
0%
Marie-Galante
0%
No matching quizzes found
Score Distribution
Percent of People with Each Score
Percentile by Number Answered
Your Score History
You have not taken this quiz